|
|
|
|
| LEADER |
00000nam0a2200000 4500 |
| 001 |
55216 |
| 005 |
20231101211531.0 |
| 010 |
|
|
|a 5946280988
|
| 035 |
|
|
|a (RuTPU)RU\TPU\book\57941
|
| 090 |
|
|
|a 55216
|
| 100 |
|
|
|a 20030909d2003 m y0rusy50 ca
|
| 101 |
0 |
|
|a rus
|
| 102 |
|
|
|a RU
|
| 105 |
|
|
|a a z 001zb
|
| 200 |
1 |
|
|a Марк Ефимович Вольпин. Таким мы его помним
|f Под ред. Ю. Н. Бубнова
|
| 210 |
|
|
|a Москва
|c Академкнига
|d 2003
|
| 215 |
|
|
|a 264 с.
|c ил.
|
| 320 |
|
|
|a Именной указатель: с. 256-261
|
| 600 |
|
1 |
|a Вольпин
|b М. Е.
|f 1923-1996
|g Марк Ефимович
|c химик
|c академик РАН
|2 stltpush
|3 (RuTPU)RU\TPU\pers\8821
|
| 606 |
1 |
|
|a Химики
|x Персоналии
|2 stltpush
|3 (RuTPU)RU\TPU\subj\69968
|9 84576
|
| 610 |
1 |
|
|a химия
|
| 610 |
1 |
|
|a история
|
| 610 |
1 |
|
|a 20 век
|
| 610 |
1 |
|
|a воспоминания
|
| 610 |
1 |
|
|a биографии
|
| 675 |
|
|
|a 54(092)
|v 3
|
| 702 |
|
1 |
|a Бубнов
|b Ю. Н.
|4 340
|
| 801 |
|
1 |
|a RU
|b 63413507
|c 20030909
|g PSBO
|
| 801 |
|
2 |
|a RU
|b 63413507
|c 20161220
|g PSBO
|
| 942 |
|
|
|c BK
|